书目信息 |
| 题名: |
婚礼的风采
|
|
| 作者: | 宫钦科 著 | |
| 分册: | ||
| 出版信息: | 沈阳 辽海出版社 2006 |
|
| 页数: | 178页 | |
| 开本: | 19cm | |
| 丛书名: | 中国历史文化丛书 | |
| 单 册: | ||
| 中图分类: | K892.22 | |
| 科图分类: | ||
| 主题词: | 婚姻--风俗习惯--中国 , 婚姻 , 风俗习惯 | |
| 电子资源: | ||
| ISBN: | 7-80638-865-6 | |
| 000 | 00902oam2 2200301 450 | |
| 001 | 012007828244 | |
| 005 | 20070605142841.45 | |
| 010 | @a7-80638-865-6@dCNY720.00(全30册) | |
| 100 | @a20070601d2006 km y0chiy0120 ea | |
| 101 | 0 | @achi |
| 102 | @aCN@b210000 | |
| 105 | @ay z 000yy | |
| 106 | @ar | |
| 200 | 1 | @a婚礼的风采@Ahun li de feng cai@e中华嫁娶@f宫钦科著@Fgong qin ke zhu |
| 205 | @a2版 | |
| 210 | @a沈阳@c辽海出版社@d2006 | |
| 215 | @a178页@d19cm | |
| 225 | 2 | @a中国历史文化丛书 |
| 330 | @a本书主要内容包括:从“知母不知父”到一夫一妻,地上无媒不成亲,十里不通风,百里不同俗,棒打有情郎等。 | |
| 461 | 0 | @12001 @a中国历史文化丛书 |
| 517 | 1 | @a中华嫁娶@Azhong hua jia qu |
| 606 | 0 | @a婚姻@x风俗习惯@y中国 |
| 606 | 0 | @a婚姻 |
| 606 | 0 | @a风俗习惯 |
| 690 | @aK892.22@v4 | |
| 701 | 0 | @a宫钦科@Agong qin ke@4著 |
| 801 | 0 | @aCN@bRULIN@c20070605 |
| 905 | @dK892.22@e144=2@s5 | |
| 婚礼的风采:中华嫁娶/宫钦科著.-2版.-沈阳:辽海出版社,2006 |
| 178页;19cm.-(中国历史文化丛书) |
| ISBN 7-80638-865-6:CNY720.00(全30册) |
| 本书主要内容包括:从“知母不知父”到一夫一妻,地上无媒不成亲,十里不通风,百里不同俗,棒打有情郎等。 |
| ● |
| 相关链接 |
|
|
|
|
正题名:婚礼的风采
索取号:K892.22/144=2
 
预约/预借
| 序号 | 登录号 | 条形码 | 馆藏地/架位号 | 状态 | 备注 |
| 1 | 0582802 | 205828023 | 第二样本阅览室/ [索取号:K892.22/144=2] | 在馆 | |
| 2 | 0582803 | 205828032 | 第二借阅区/ [索取号:K892.22/144=2] | 在馆 | |
| 3 | 0582804 | 205828041 | 第二借阅区/ [索取号:K892.22/144=2] | 在馆 | |
| 4 | 0582805 | 205828050 | 第二借阅区/ [索取号:K892.22/144=2] | 在馆 | |
| 5 | 0582806 | 205828069 | 第二借阅区/ [索取号:K892.22/144=2] | 在馆 |